000 00293nam a22001337a 4500
008 170511b xxu||||| |||| 00| 0 eng d
020 _a9781856495820
041 _aeng
080 _a34
100 _a15
101 _aSHJ
245 _aAN INTRODUCTION THE WTO
_cDAS.B.L
942 _2udc
_cBK
999 _c13179
_d13179